Countries with Tropical Rainforest - Statistics

General Stats
  • This quiz has been taken 1,116 times
    435 since last reset
  • The average score is 53 of 70
Answer Stats
Country % Correct
Brazil
94%
Colombia
89%
Democratic Republic of the Congo
89%
Mexico
88%
Peru
88%
United States
88%
United States (Hawaii)
88%
Venezuela
88%
Indonesia
87%
Guyana
86%
Costa Rica
85%
Panama
85%
Republic of the Congo
85%
Suriname
85%
Bolivia
84%
Dominican Republic
84%
Ecuador
84%
India (Andaman Islands)
84%
Australia
83%
Malaysia
83%
Haiti
82%
Honduras
82%
Paraguay
82%
Thailand
82%
Guatemala
81%
Chile (Easter Island)
80%
Cuba
80%
Belize
79%
Vietnam
79%
Kenya
78%
Nicaragua
77%
Papua New Guinea
77%
Fiji
76%
Tanzania
76%
Antigua and Barbuda
75%
Dominica
75%
Jamaica
75%
Cameroon
74%
Philippines
74%
Saint Kitts and Nevis
74%
Saint Lucia
74%
Trinidad and Tobago
74%
Uganda
74%
Brunei
73%
Nigeria
73%
Vanuatu
73%
Grenada
72%
Kiribati
72%
Tonga
72%
Tuvalu
72%
Palau
71%
Saint Vincent and the Grenadines
71%
Samoa
71%
Solomon Islands
71%
Sri Lanka
71%
Madagascar
70%
Marshall Islands
70%
Bahamas
69%
Japan
69%
Nauru
69%
Seychelles
68%
Micronesia
67%
Singapore
67%
Equatorial Guinea
66%
Maldives
66%
Mauritius
65%
Comoros
64%
Taiwan
64%
Ivory Coast
54%
Liberia
51%
No matching quizzes found
Score Distribution
Percent of People with Each Score
Percentile by Number Answered
Your Score History
You have not taken this quiz since the last reset